| 000 | 00735nam a2200241 i 4500 | ||
|---|---|---|---|
| 001 | bg | ||
| 100 | _aREEBS, Stéphan | ||
| 245 |
_aFish behavior in the aquarium and in the wild / _cStéphan Reebs. |
||
| 260 |
_aIthaca : _bCornell University Press, _c2001. |
||
| 300 |
_aXII, 252 s. : _bil. ; _c21 cm. |
||
| 504 | _aBibliogr. | ||
| 650 | 9 | _aRyby | |
| 020 | _a0801487722 | ||
| 040 | _cBPK | ||
| 041 | 0 | _aen | |
| 080 | _aAkwarium | ||
| 080 | _aHydrobiologia | ||
| 080 | _a597.2/.5+636.98]:591.5 | ||
| 920 | _a0-8014-8772-2 | ||
| 942 | _cKS | ||
| 008 | s pl f |000 0 pol | ||
| 999 |
_c42200 _d42200 |
||
| 856 |
_uhttp://koha.tu.koszalin.pl/cgi-bin/koha/opac-detail.pl?biblionumber=42200 _yKatalog online BPK |
||